000 00539nam a2200229Ia 4500
003 OSt
005 20220928145446.0
006 a|||||r|||| 00| 0
007 ta
008 220927b |||||||| |||| 00| 0 eng d
024 _a80628
037 _cTextual
040 _aSDCL
_cSDCL
_beng
041 _2eng
_aeng
082 _aY:5, L7
100 _aClark Colin
_9370181
245 0 _aPopulation growth and land use
250 _a2
260 _c1977
942 _hY:5, L7
_cTEXL
_2CC
999 _c833646
_d833646